| 000 | 00000nam##2200000za#4500 |
| 001 | 9.580046 |
| 003 | CaOODSP |
| 005 | 20210624190842 |
| 007 | cr ||||||||||| |
| 008 | 150406|1967||||xxc|||||o f|0| 0 eng|d |
| 040 | |aCaOODSP|beng |
| 043 | |an-cn--- |
| 086 | 1 |aFs52-1/1E-PDF |
| 110 | 1 |aCanada. |bDepartment of Fisheries and Oceans. |
| 245 | 12|aA bibliography of the Dungeness crab, Cancer magister Dana / |h[electronic resource]|cby T. H. Butler. |
| 260 | |aNanaimo - British Columbia : |bFisheries and Oceans Canada |c1967. |
| 300 | |a15p. |
| 490 | 1 |aFisheries Research Board of Canada, technical report|vNo. 1 |
| 500 | |aDigitized by Fisheries and Oceans Canada. |
| 546 | |a(Résumés en français.) |
| 590 | |a14-13-Supp|b2014-06-23 |
| 830 | #0|aTechnical report (Fisheries Research Board of Canada)|vNo. 1|w(CaOODSP)9.507879 |
| 856 | 40|ahttp://publications.gc.ca|qPDF|s2125 KB|uhttps://publications.gc.ca/collections/collection_2014/mpo-dfo/Fs52-1-1-eng.pdf|yNo. 1 |